Normal view
MARC view
Entry Personal Name
001 - CONTROL NUMBER
- control field: 15253
003 - CONTROL NUMBER IDENTIFIER
- control field: ARRUPE
005 - DATE AND TIME OF LATEST TRANSACTION
- control field: 20150218115941.0
008 - FIXED-LENGTH DATA ELEMENTS
- fixed length control field: 150218|| aca||aabn | a|a d
040 ## - CATALOGING SOURCE
- Original cataloging agency: ARRUPE
- Transcribing agency: ARRUPE
100 ## - HEADING--PERSONAL NAME
- Personal name: Ward, Kelly
- Fuller form of name: (Kelly Anne)
670 ## - SOURCE DATA FOUND
- Source citation: Work cat.: (ARRUPE)0: Braskamp, Larry A. 15249, Putting students first :, c2006.